2025-2026 Every NFL Team's Starting WRs, QBs, RBs, TEs - Statistics

General Stats
  • This quiz has been taken 235 times
    20 since last reset
  • The average score is 117 of 192
Answer Stats
Hint Positions Answer % Correct
WR 1 AJ Brown
100%
WR 1 Amon-Ra St. Brown
100%
Panthers QB Bryce Young
100%
Bears QB Caleb Williams
100%
RB Chase Brown
100%
RB Derrick Henry
100%
WR 1 Garrett Wilson
100%
WR 3 Hollywood Brown
100%
TE Hunter Henry
100%
RB Jahmyr Gibbs
100%
WR 1 Ja'Marr Chase
100%
WR 2 Jameson Williams
100%
Lions QB Jared Goff
100%
RB Javonte Williams
100%
WR 2 Jayden Higgins
100%
Bengals QB Joe Burrow
100%
Packers QB Jordan Love
100%
RB Kyren Williams
100%
Ravens QB Lamar Jackson
100%
TE Mark Andrews
100%
WR 2 Michael Wilson
100%
WR 3 Noah Brown
100%
WR 3 Roman Wilson
100%
WR 2 Tee Higgins
100%
RB Aaron Jones
86%
Steelers QB Aaron Rodgers
86%
Buccaneers QB Baker Mayfield
86%
Broncos QB Bo Nix
86%
Jets QB Brady Cook
86%
TE Brock Bowers
86%
49ers QB Brock Purdy
86%
WR 1 CeeDee Lamb
86%
RB Christian McCaffrey
86%
WR 1 Christian Watson
86%
Texans QB C.J. Stroud
86%
Cowboys QB Dak Prescott
86%
WR 2 DeVonta Smith
86%
Patriots QB Drake Maye
86%
Raiders QB Geno Smith
86%
TE George Kittle
86%
WR 2 George Pickens
86%
Cardinals QB Jacoby Brissett
86%
Eagles QB Jalen Hurts
86%
RB James Cook III
86%
WR 1 Jaylen Waddle
86%
Vikings QB J.J. McCarthy
86%
RB Jonathon Taylor
86%
Bills QB Josh Allen
86%
RB Josh Jacobs
86%
Chargers QB Justin Herbert
86%
WR 1 Justin Jefferson
86%
WR 3 Keenan Allen
86%
Falcons QB Kirk Cousins
86%
WR 1 Marvin Harrison Jr.
86%
TE Mason Taylor
86%
Rams QB Matthew Stafford
86%
WR 1 Mike Evans
86%
Chiefs QB Patrick Mahomes III
86%
WR 1 Puka Nacua
86%
RB Saquon Barkley
86%
Browns QB Shedeur Sanders
86%
WR 1 Stefon Diggs
86%
RB TreVeyon Henderson
86%
Jaguars QB Trevor Lawrence
86%
Dolphins QB Tua Tagovailoa
86%
WR 3 Van Jefferson
86%
WR 1 Zay Flowers
86%
RB Bijan Robinson
71%
RB Breece Hall
71%
WR 1 Brian Thomas Jr.
71%
RB Bucky Irving
71%
Titans QB Cam Ward
71%
WR 3 Chris Godwin Jr.
71%
WR 1 Chris Olave
71%
WR 1 Courtland Sutton
71%
RB De'Von Achane
71%
WR 1 DJ Moore
71%
WR 1 DK Metcalf
71%
WR 1 Jauan Jennings
71%
Giants QB Jaxson Dart
71%
WR 1 Jerry Jeudy
71%
WR 2 Kayshon Boutte
71%
WR 3 Keon Coleman
71%
Commanders QB Marcus Mariota
71%
WR 1 Michael Pittman Jr.
71%
WR 1 Nico Collins
71%
Colts QB Philip Rivers
71%
RB Quinshon Judkins
71%
WR 1 Rashee Rice
71%
Seahawks QB Sam Darnold
71%
WR 1 Terry McLaurin
71%
TE Travis Kelce
71%
WR 1 Wan'Dale Robinson
71%
RB Ashton Jeanty
57%
TE Colston Loveland
57%
WR 2 Cooper Kupp
57%
TE Dalton Kincaid
57%
RB D'Andre Swift
57%
TE Darren Waller
57%
WR 2 DaVante Adams
57%
WR 3 DeAndre Hopkins
57%
WR 2 Deebo Samuel
57%
WR 1 Drake London
57%
WR 2 Emeka Egbuka
57%
TE Evan Engram
57%
TE Jake Ferguson
57%
WR 2 Jakobi Meyers
57%
WR 2 Jordan Addison
57%
RB Kareem Hunt
57%
WR 3 Kendrick Bourne
57%
RB Kenneth Walker III
57%
TE Kyle Pitts
57%
WR 1 Ladd McConkey
57%
WR 3 Parker Washington
57%
WR 3 Rashid Shaheed
57%
WR 2 Rashod Bateman
57%
RB Rico Dowdle
57%
WR 2 Rome Odunze
57%
WR 1 Tetairoa McMillan
57%
TE T.J. Hockenson
57%
RB Travis Etienne Jr.
57%
TE Trey McBride
57%
Saints QB Tyler Shough
57%
WR 2 Xavier Worthy
57%
TE Zach Ertz
57%
WR 3 Adonai Mitchell
43%
WR 2 Alec Pierce
43%
WR 3 Andrei Iosivas
43%
TE Dallas Goedert
43%
TE Dalton Schultz
43%
WR 2 Darnell Mooney
43%
TE Harold Fannin Jr.
43%
WR 3 Jailen Nailor
43%
WR 1 Jaxon Smith-Njigba
43%
WR 3 Jayden Reed
43%
RB Jaylen Warren
43%
TE Juwan Johnson
43%
WR 1 Khalil Shakir
43%
WR 2 Malik Washington
43%
WR 2 Quintin Johnston
43%
WR 2 Ricky Pearsall
43%
WR 2 Romeo Doubs
43%
TE Theo Johnson
43%
WR 1 Tre Tucker
43%
WR 2 Troy Franklin
43%
TE Tyler Warren
43%
RB Woody Marks
43%
WR 2 Xavier Legette
43%
TE AJ Barner
29%
TE Brock Wright
29%
TE Cade Otton
29%
WR 2 Calvin Austin III
29%
WR 3 Christian Kirk
29%
WR 2 Darius Slayton
29%
WR 1 Elic Ayomanor
29%
WR 3 Greg Dortch
29%
WR 3 Isaac TeSlaa
29%
WR 2 Jack Bech
29%
WR 3 Jalen Coker
29%
WR 3 Josh Downs
29%
WR 3 KaVontae Turpin
29%
WR 3 Luther Burden III
29%
WR 3 Mack Hollins
29%
WR 3 Marvin Mims Jr.
29%
RB Michael Carter
29%
TE Mike Gesicki
29%
RB Omarion Hampton
29%
TE Pat Freiermuth
29%
RB RJ Harvey
29%
RB Tony Pollard
29%
WR 3 Tyler Lockett
29%
RB Tyrone Tracy Jr.
29%
TE Brenton Strange
14%
WR 2 Cedric Tillman
14%
WR 2 Chimere Dike
14%
TE Colby Parkinson
14%
WR 3 David Sills V
14%
WR 2 Devaughn Vele
14%
RB Devin Neal
14%
WR 3 Isaiah Bond
14%
WR 3 Isaiah Hodgins
14%
RB Jacory Croskey-Merritt
14%
WR 3 Jahan Dotson
14%
WR 2 John Metchie III
14%
WR 2 Joshua Palmer
14%
TE Luke Musgrave
14%
WR 3 Mason Tipton
14%
TE Oronde Gadsden II
14%
TE Tommy Tremble
14%
WR 3 Tutu Atwell
14%
TE Gunnar Helm
0%
WR 3 Nick Westbrook-Ikhine
0%
No matching quizzes found
Score Distribution
Percent of People with Each Score
Percentile by Number Answered
Your Score History
You have not taken this quiz since the last reset